000 00922nam a22002777a 4500
001 8864
003 FISKH
005 20251023161618.0
008 251023b cb ||||| |||| 00| 0 eng d
020 _a9780590769969
040 _aFISKH
_beng
_cFISKH
_dFISKH
050 _aPZ7
082 _a563
100 _aArmstrong, Shane
_eAuthor
245 _aNot enough water /
_cShane Armstrong and Susan Hartley ; Illustrated by Marjory Gardner
260 _aNew York :
_bScholastic ,
_c1997
300 _a8 unnumbered pages :
_bcolor illustrations ;
_c18 pages
505 _aE
520 _aWhen Sam gets in the pool by himself there is not enough water but by the time all his friends join him there is too much water in the pool.
521 8 _a250
_bLexile
521 8 _aE
_bRaz-Plus
650 _aEasy reader
_vFiction
700 _aGardner, Marjory
_eIllustrator
942 _2ddc
_cBK
_n0
999 _c8864
_d8864